[Event "2. Bundesliga West 2008/2009"]
[Site "Jenbach"]
[Date "2008.10.19"]
[Round "3"]
[Board "6"]
[White "Schnegg, Martin"]
[Black "Platzgummer, Fabian"]
[Result "1-0"]
[WhiteElo "2061"]
[BlackElo "2187"]
[PlyCount "83"]
[EventDate "2008.10.17"]
[EventType "team"]
[EventRounds "11"]
[EventCountry "AUT"]
[WhiteTeam "Sparkasse Jenbach II"]
[BlackTeam "Mayrhofen/Zillertal"]

{1056MB, Fritz9.ctg}  1.e4 c5 2.Nf3 a6 3.d4 cxd4 4.Nxd4 Nf6 5.Bd3 e5 6.Nb3 d5
7.exd5 Nxd5 8.O-O Nc6 9.f4 Nxf4 10.Bxf4 exf4 11.Rxf4 Be6 12.N1d2 Bd6 13.Rf1 Qc7
14.Qh5 Ne5 15.Ne4 Nxd3 16.cxd3 Bxb3 17.Nxd6+ Qxd6 18.Rae1+ Kf8 19.axb3 f6 20.Rf3
b6 21.Kh1 Rd8 22.Rfe3 Qd7 23.Qe2 a5 24.Re7 Qd6 25.Re8+ Kf7 26.Qh5+ g6 27.Qd5+
Kg7 28.Qxd6 Rxd6 29.R1e7+ Kh6 30.Rxh8 Rxd3 31.h4 Kh5 32.Rhxh7+ Kg4 33.Kh2 Rxb3
34.Re2 Rb4 35.Rh6 g5 36.h5 f5 37.Rh8 f4 38.h6 Rd4 39.Rg8 Rd6 40.Rh8 a4 41.h7 f3
42.Re4+

[Event "2. Bundesliga West 2008/2009"]
[Site "Jenbach"]
[Date "2008.10.19"]
[Round "3"]
[Board "1"]
[White "Gatterer, Florian"]
[Black "Bayer, Bernhard"]
[Result "1-0"]
[WhiteElo "2302"]
[BlackElo "2359"]
[PlyCount "25"]
[EventDate "2008.10.17"]
[EventType "team"]
[EventRounds "11"]
[EventCountry "AUT"]
[WhiteTeam "Rochade Rum"]
[BlackTeam "Schwaz"]

{1056MB, Fritz9.ctg}  1.e4 e5 2.Nf3 Nc6 3.Bb5 a6 4.Bxc6 dxc6 5.O-O f6 6.d4 Bg4
7.c3 Bd6 8.Be3 Qe7 9.Nbd2 Nh6 10.dxe5 fxe5 11.Qb3 b5 12.c4 Nf7 13.c5

[Event "2. Bundesliga West 2008/2009"]
[Site "Jenbach"]
[Date "2008.10.19"]
[Round "3"]
[Board "3"]
[White "Eybl, Alexander"]
[Black "Gruber, Michael"]
[Result "1/2-1/2"]
[WhiteElo "2270"]
[BlackElo "2112"]
[PlyCount "50"]
[EventDate "2008.10.17"]
[EventType "team"]
[EventRounds "11"]
[EventCountry "AUT"]
[WhiteTeam "Rochade Rum"]
[BlackTeam "Schwaz"]

{1056MB, Fritz9.ctg}  1.Nf3 f5 2.d3 d6 3.e4 e5 4.Nc3 Nc6 5.exf5 Bxf5 6.d4 Nf6
7.Bb5 exd4 8.Nxd4 Bd7 9.O-O Nxd4 10.Bxd7+ Qxd7 11.Qxd4 Be7 12.Re1 O-O 13.Nd5
Rae8 14.Bg5 b6 15.Rxe7 Rxe7 16.Bxf6 gxf6 17.Nxf6+ Rxf6 18.Qxf6 Re2 19.Qg5+ Kh8
20.Qf6+ Kg8 21.Rc1 Qe8 22.Qg5+ Kh8 23.Qf6+ Kg8 24.Qg5+ Kh8 25.Qf6+ Kg8

[Event "2. Bundesliga West 2008/2009"]
[Site "Jenbach"]
[Date "2008.10.19"]
[Round "3"]
[Board "5"]
[White "Muehlbacher, Bernhard"]
[Black "Kondrak, Christof"]
[Result "0-1"]
[WhiteElo "2171"]
[BlackElo "2148"]
[PlyCount "82"]
[EventDate "2008.10.17"]
[EventType "team"]
[EventRounds "11"]
[EventCountry "AUT"]
[WhiteTeam "Rochade Rum"]
[BlackTeam "Schwaz"]

{1056MB, Fritz9.ctg}  1.c4 e6 2.g3 c6 3.Bg2 d5 4.Nf3 g6 5.O-O Bg7 6.d3 Ne7 7.Qc2
O-O 8.e4 Nd7 9.Nc3 d4 10.Ne2 e5 11.Bd2 b6 12.b4 Bb7 13.Ne1 c5 14.a3 f5 15.f4
fxe4 16.dxe4 exf4 17.gxf4 d3 18.Nxd3 Bxa1 19.Rxa1 Nc6 20.Bc3 Nd4 21.Nxd4 cxd4
22.Bb2 Rc8 23.c5 bxc5 24.bxc5 Ba6 25.c6 Qb6 26.Nb4 d3+ 27.Qf2 Qxf2+ 28.Kxf2 Nb8
29.Ke3 Bb5 30.e5 Nxc6 31.Bd5+ Kg7 32.Nxd3 Bxd3 33.Kxd3 Rxf4 34.e6+ Kf8 35.Ke3 g5
36.Rd1 Rd8 37.a4 Ne7 38.Ba3 Rxa4 39.Rf1+ Rf4 40.Rxf4+ gxf4+ 41.Ke4 Rxd5

[Event "2. Bundesliga West 2008/2009"]
[Site "Jenbach"]
[Date "2008.10.19"]
[Round "3"]
[Board "6"]
[White "Koell,  Hannes"]
[Black "Gatterer, Matthias"]
[Result "1/2-1/2"]
[WhiteElo "2105"]
[BlackElo "2021"]
[PlyCount "62"]
[EventDate "2008.10.17"]
[EventType "team"]
[EventRounds "11"]
[EventCountry "AUT"]
[WhiteTeam "Schwaz"]
[BlackTeam "Rochade Rum"]

{1056MB, Fritz9.ctg}  1.d4 d5 2.c4 e6 3.Nc3 Nf6 4.Bg5 Nbd7 5.e3 Be7 6.Nf3 O-O
7.Rc1 a6 8.cxd5 exd5 9.Bd3 c6 10.Qc2 Re8 11.O-O Nf8 12.Ne5 Ng4 13.Bxe7 Qxe7
14.Nxg4 Bxg4 15.Bf5 Bxf5 16.Qxf5 Rad8 17.Na4 Rd6 18.Nc5 Rh6 19.Rc3 Ne6 20.b4 Qc7
21.h3 Rf6 22.Nxe6 fxe6 23.Qe5 Qe7 24.e4 Qxb4 25.Rb3 Qe7 26.Rfb1 b5 27.Rc1 Qd7
28.Rbc3 Rc8 29.Ra3 Ra8 30.Rac3 Rc8 31.Ra3 Ra8

[Event "2. Bundesliga West 2008/2009"]
[Site "Vorarlberg"]
[Date "2008.10.19"]
[Round "3"]
[Board "2"]
[White "Schmidlechner, Alexander"]
[Black "Szakolczai, Peter"]
[Result "0-1"]
[WhiteElo "2210"]
[BlackElo "2251"]
[PlyCount "94"]
[EventDate "2008.10.17"]
[EventType "team"]
[EventRounds "11"]
[EventCountry "AUT"]
[WhiteTeam "Goetzis"]
[BlackTeam "Dornbirn"]

1.d4 Nf6 2.c4 e6 3.Nf3 d5 4.Nc3 Be7 5.Bg5 O-O 6.e3 h6 7.Bh4 b6 8.Qc2 Ba6 9.Ne5
c6 10.Be2 Qc8 11.O-O Qb7 12.Rfd1 Rd8 13.Rab1 dxc4 14.Nxc4 Nbd7 15.b4 Rac8 16.a4
Bxc4 17.Bxc4 a6 18.Bd3 Qa7 19.Ne4 a5 20.bxa5 Qxa5 21.Nxf6+ Bxf6 22.Bg3 c5
23.dxc5 Rxc5 24.Qb3 Rd5 25.Be2 Nc5 26.Rxd5 Rxd5 27.Qxb6 Rd1+ 28.Rxd1 Qxb6 29.Bb5
Qa5 30.h3 Nxa4 31.Bxa4 Qxa4 32.Rc1 g6 33.Bf4 Kg7 34.g4 Qe4 35.Kh2 Qd5 36.Bg3 h5
37.gxh5 Qxh5 38.Rc4 Qd5 39.Rg4 Be5 40.e4 Bxg3+ 41.Kxg3 Qd3+ 42.Kg2 Qe2 43.Rf4 g5
44.Rg4 Kh6 45.Kg3 f5 46.exf5 exf5 47.Rb4 Qf1

[Event "2. Bundesliga West 2008/2009"]
[Site "Vorarlberg"]
[Date "2008.10.19"]
[Round "3"]
[Board "4"]
[White "Engelhart, Achim"]
[Black "Klocker, Benedikt"]
[Result "1/2-1/2"]
[WhiteElo "2201"]
[BlackElo "2119"]
[PlyCount "96"]
[EventDate "2008.10.17"]
[EventType "team"]
[EventRounds "11"]
[EventCountry "AUT"]
[WhiteTeam "Goetzis"]
[BlackTeam "Dornbirn"]

1.e4 c5 2.Nf3 d6 3.d4 cxd4 4.Nxd4 Nf6 5.Nc3 g6 6.Be3 Bg7 7.f3 O-O 8.Qd2 Nc6
9.O-O-O d5 10.Kb1 Rb8 11.Ndb5 a6 12.Na7 Ra8 13.Nxc8 d4 14.Bxd4 Nxd4 15.Qxd4 Rxc8
16.Qxd8 Rfxd8 17.Rxd8+ Rxd8 18.Bd3 Nd7 19.Ne2 Nc5 20.Rd1 b5 21.b3 b4 22.Ng3 Ne6
23.Be2 Rxd1+ 24.Bxd1 Nf4 25.Be2 a5 26.Bf1 Be5 27.Kc1 h5 28.Kd2 h4 29.Nh1 Nh5
30.h3 Ng3 31.Nxg3 Bxg3 32.Kd3 Kf8 33.Kd4 Ke8 34.Bb5+ Kd8 35.c4 bxc3 36.Kxc3 f6
37.Kc4 Kc7 38.Kd5 Bd6 39.Ba4 g5 40.Kc4 Kb6 41.Kd5 Kc7 42.Ke6 Kb6 43.Kd5 Bg3
44.Be8 Bd6 45.a4 Bg3 46.Bb5 Bd6 47.Bc4 Bg3 48.Ke6 Bd6

[Event "2. Bundesliga West 2008/2009"]
[Site "Vorarlberg"]
[Date "2008.10.19"]
[Round "3"]
[Board "5"]
[White "Karrer, Damian"]
[Black "Kranz, Armin"]
[Result "1-0"]
[WhiteElo "2020"]
[BlackElo "2168"]
[PlyCount "81"]
[EventDate "2008.10.17"]
[EventType "team"]
[EventRounds "11"]
[EventCountry "AUT"]
[WhiteTeam "Dornbirn"]
[BlackTeam "Goetzis"]

1.e4 e5 2.Nf3 Nf6 3.Nxe5 d6 4.Nf3 Nxe4 5.Nc3 Nxc3 6.dxc3 Be7 7.Bf4 Nd7 8.Qd2 Nc5
9.O-O-O Be6 10.Kb1 Qd7 11.Be3 O-O-O 12.Nd4 Kb8 13.Nxe6 Nxe6 14.g3 Qa4 15.Bg2 d5
16.Bxd5 Qa5 17.c4 Qa4 18.Qe2 Bf6 19.Rd3 b6 20.Rhd1 c6 21.Bxe6 fxe6 22.Bf4+ Kb7
23.Rd7+ Ka6 24.Rxd8 Bxd8 25.Qxe6 Bf6 26.Rd3 c5 27.Ra3 Qxa3 28.bxa3 Rd8 29.c3
Bxc3 30.Kc2 Bd4 31.Qe7 Bf6 32.Qf7 Ba1 33.a4 Bf6 34.a5 Bd4 35.axb6 axb6 36.Qe6
Rf8 37.Qc6 h6 38.f3 Ka7 39.Bc7 Rf6 40.Bxb6+ Ka6 41.Qb5+

[Event "2. Bundesliga West 2008/2009"]
[Site "Vorarlberg"]
[Date "2008.10.19"]
[Round "3"]
[Board "6"]
[White "Flatz, Lothar"]
[Black "Kessler, Michaela"]
[Result "1-0"]
[WhiteElo "2129"]
[BlackElo "1835"]
[PlyCount "91"]
[EventDate "2008.10.17"]
[EventType "team"]
[EventRounds "11"]
[EventCountry "AUT"]
[WhiteTeam "Goetzis"]
[BlackTeam "Dornbirn"]

1.e4 c5 2.Nf3 d6 3.g3 Nc6 4.Bg2 g6 5.O-O Bg7 6.d3 Bg4 7.h3 Bxf3 8.Bxf3 Nf6 9.c3
Nd7 10.Na3 O-O 11.Be3 Rb8 12.Qd2 b5 13.d4 Qc7 14.Bg2 b4 15.Nc4 cxd4 16.cxd4 Nxd4
17.Rac1 Nc6 18.f4 Rfd8 19.Qf2 Nc5 20.Bxc5 dxc5 21.e5 Nd4 22.Ne3 e6 23.Nd5 exd5
24.Qxd4 Rbc8 25.Qd2 c4 26.Qxb4 Bf8 27.Qd2 d4 28.b3 c3 29.Qd3 Qa5 30.Rc2 Ba3
31.Re1 Bb2 32.g4 Qxa2 33.f5 Qxb3 34.fxg6 hxg6 35.e6 Kg7 36.e7 Re8 37.Qxd4+ Kg8
38.Qd3 Qb4 39.Bd5 Qc5+ 40.Rf2 Rxe7 41.Rxe7 Qxe7 42.Qxg6+ Kh8 43.Qh6+ Kg8 44.Qg6+
Kh8 45.Qh5+ Kg8 46.Bxf7+

[Event "2. Bundesliga West 2008/2009"]
[Site "Vorarlberg"]
[Date "2008.10.19"]
[Round "3"]
[Board "1"]
[White "Froewis, Georg"]
[Black "Herbrechtsmeier, Christof"]
[Result "0-1"]
[WhiteElo "2269"]
[BlackElo "2305"]
[PlyCount "62"]
[EventDate "2008.10.17"]
[EventType "team"]
[EventRounds "11"]
[EventCountry "AUT"]
[WhiteTeam "Hohenems II"]
[BlackTeam "Bregenz"]

1.e4 c5 2.Nf3 g6 3.d4 cxd4 4.Nxd4 Nc6 5.Nc3 Bg7 6.Be3 Nf6 7.Bc4 O-O 8.Bb3 d6
9.f3 Bd7 10.Qd2 Na5 11.O-O-O b5 12.Ndxb5 a6 13.Na3 Qc7 14.Kb1 Rfc8 15.g4 Be6
16.Na4 Nd7 17.Bd4 Ne5 18.Bxe6 fxe6 19.Bxe5 Bxe5 20.f4 Bg7 21.f5 Nc4 22.Nxc4 Qxc4
23.b3 Rab8 24.Nb2 Qxe4 25.Rde1 Qxg4 26.fxg6 Qxg6 27.Nd1 Rb5 28.Rhg1 Qf6 29.c3
Rd5 30.Qe2 Kh8 31.Rgf1 Rxd1+

[Event "2. Bundesliga West 2008/2009"]
[Site "Vorarlberg"]
[Date "2008.10.19"]
[Round "3"]
[Board "2"]
[White "Poettinger, Harald"]
[Black "Baldauf, Marco"]
[Result "1/2-1/2"]
[WhiteElo "2207"]
[BlackElo "2313"]
[PlyCount "41"]
[EventDate "2008.10.17"]
[EventType "team"]
[EventRounds "11"]
[EventCountry "AUT"]
[WhiteTeam "Bregenz"]
[BlackTeam "Hohenems II"]

1.e4 e5 2.Nf3 Nc6 3.Bb5 a6 4.Bxc6 dxc6 5.O-O Ne7 6.Nxe5 Qd4 7.Qh5 g6 8.Nf3 Qxe4
9.Qa5 Bg4 10.Re1 Qf5 11.Qxc7 Bxf3 12.Qxb7 Rd8 13.gxf3 Qxf3 14.Qb3 Qf5 15.Qc3 Rd6
16.Na3 Bg7 17.Qxg7 Qg4+ 18.Kf1 Qh3+ 19.Kg1 Qg4+ 20.Kf1 Qh3+ 21.Kg1

[Event "2. Bundesliga West 2008/2009"]
[Site "Vorarlberg"]
[Date "2008.10.19"]
[Round "3"]
[Board "3"]
[White "Grabher, Heinz"]
[Black "Hugentobler, Patrick"]
[Result "1-0"]
[WhiteElo "2226"]
[BlackElo "2295"]
[PlyCount "137"]
[EventDate "2008.10.17"]
[EventType "team"]
[EventRounds "11"]
[EventCountry "AUT"]
[WhiteTeam "Hohenems II"]
[BlackTeam "Bregenz"]

1.e4 Nf6 2.e5 Nd5 3.d4 d6 4.c4 Nb6 5.f4 Bf5 6.Nc3 e6 7.Nf3 dxe5 8.fxe5 Nc6 9.Be3
Bg4 10.Qd2 Bb4 11.a3 Be7 12.Ne4 Bxf3 13.gxf3 Bh4+ 14.Ng3 Qd7 15.O-O-O O-O-O
16.f4 g6 17.Ne4 Ne7 18.Nc5 Qe8 19.Bg2 Nxc4 20.Bxb7+ Kb8 21.Qb4 Nb6 22.Qa5 c6
23.Qa6 Rd7 24.d5 Rxd5 25.Rxd5 Nexd5 26.Qd3 Be7 27.Ba6 Nxe3 28.Qxe3 Bxc5 29.Qxc5
Qd7 30.Rd1 Nd5 31.Rd4 Rd8 32.a4 Qc7 33.a5 Ka8 34.Kb1 Rb8 35.b4 Qd7 36.Kc1 Re8
37.Kb2 Re7 38.Rc4 Re8 39.Ka3 Rb8 40.Rd4 Qc7 41.Rc4 Qd7 42.Qd6 Rd8 43.Qxd7 Rxd7
44.Rxc6 Rd8 45.Rc4 Kb8 46.Bb5 Rc8 47.Rxc8+ Kxc8 48.Be8 Nxf4 49.Bxf7 Kd7 50.b5
Nd5 51.Kb3 Ke7 52.Bg8 h5 53.h4 Kd7 54.Bh7 Ne7 55.Kc4 Kc8 56.Kc5 Kc7 57.a6 Nd5
58.Bxg6 Nf4 59.Bf7 Nd3+ 60.Kd4 Nf4 61.Ke4 Nd5 62.Bxh5 Nc3+ 63.Kd4 Nxb5+ 64.Kc5
Nc3 65.Bf3 Na4+ 66.Kb5 Nb6 67.h5 Nd7 68.h6 Nxe5 69.Bh5

[Event "2. Bundesliga West 2008/2009"]
[Site "Vorarlberg"]
[Date "2008.10.19"]
[Round "3"]
[Board "4"]
[White "Maux, Martin"]
[Black "Amann, Guenter"]
[Result "0-1"]
[WhiteElo "2096"]
[BlackElo "2330"]
[PlyCount "112"]
[EventDate "2008.10.17"]
[EventType "team"]
[EventRounds "11"]
[EventCountry "AUT"]
[WhiteTeam "Bregenz"]
[BlackTeam "Hohenems II"]

1.Nf3 d5 2.d4 c6 3.e3 Bg4 4.Be2 Nd7 5.b3 e6 6.Bb2 Bd6 7.Nbd2 Ngf6 8.c4 Ne4
9.Nxe4 dxe4 10.Nd2 Bxe2 11.Qxe2 f5 12.O-O Nf6 13.f3 Bb4 14.Rad1 Qa5 15.a3 Bxd2
16.Qxd2 Qxd2 17.Rxd2 O-O 18.d5 exd5 19.Bxf6 Rxf6 20.cxd5 Rd6 21.Rc1 Rad8 22.Rd4
Rxd5 23.fxe4 Rxd4 24.exd4 fxe4 25.Rd1 c5 26.d5 Kf7 27.Kf2 Kf6 28.b4 cxb4 29.axb4
Ke5 30.Rc1 Rd7 31.Ke3 Rxd5 32.Rc7 Rb5 33.Re7+ Kf5 34.Rxg7 Rxb4 35.Rxh7 Rb3+
36.Ke2 a6 37.Rf7+ Ke6 38.Rh7 a5 39.Rh6+ Kd7 40.Rh4 Rb2+ 41.Ke3 Rxg2 42.Kxe4 Rd2
43.Ke3 Rd5 44.Ra4 Kc6 45.h4 Kb5 46.Ra1 a4 47.Rh1 a3 48.h5 Ka4 49.h6 Rd8 50.h7
Rh8 51.Kd2 a2 52.Kc2 Rxh7 53.Rxh7 a1=Q 54.Rxb7 Qd4 55.Rb8 Qe4+ 56.Kd1 Qh1+

[Event "2. Bundesliga West 2008/2009"]
[Site "Vorarlberg"]
[Date "2008.10.19"]
[Round "3"]
[Board "5"]
[White "Sandholzer, Robert"]
[Black "Juen, Leopold"]
[Result "0-1"]
[WhiteElo "2107"]
[BlackElo "1981"]
[PlyCount "70"]
[EventDate "2008.10.17"]
[EventType "team"]
[EventRounds "11"]
[EventCountry "AUT"]
[WhiteTeam "Hohenems II"]
[BlackTeam "Bregenz"]

1.e4 e5 2.Nf3 Nc6 3.Bc4 Bc5 4.c3 Nf6 5.d3 d6 6.Nbd2 Bb6 7.O-O Bd7 8.Bb3 Ne7
9.Nc4 Ng6 10.Re1 Qe7 11.Nxb6 cxb6 12.h3 h6 13.Nh2 O-O-O 14.a4 Kb8 15.c4 Nf8
16.Bc2 g5 17.b4 Ne6 18.Be3 Nf4 19.b5 Be6 20.a5 Qc7 21.axb6 axb6 22.Qc1 Nd7
23.Qa3 Kc8 24.d4 exd4 25.Bxd4 f6 26.Qc3 Qxc4 27.Qe3 Kc7 28.Bd1 Qd3 29.Rc1+ Kb8
30.Bxb6 Qxe3 31.Bxe3 Nd3 32.Ra1 Nxe1 33.Ba7+ Kc8 34.Be2 b6 35.e5 fxe5

[Event "2. Bundesliga West 2008/2009"]
[Site "Vorarlberg"]
[Date "2008.10.19"]
[Round "3"]
[Board "6"]
[White "Froewis, Annika"]
[Black "Hillbrand, Johannes"]
[Result "1-0"]
[WhiteElo "1911"]
[BlackElo "1943"]
[PlyCount "75"]
[EventDate "2008.10.17"]
[EventType "team"]
[EventRounds "11"]
[EventCountry "AUT"]
[WhiteTeam "Bregenz"]
[BlackTeam "Hohenems II"]

1.e4 c5 2.Nf3 Nc6 3.d4 cxd4 4.Nxd4 g6 5.Nc3 Bg7 6.Be3 Nf6 7.Bc4 O-O 8.Bb3 Ng4
9.Qxg4 Nxd4 10.Qh4 Nxb3 11.axb3 a6 12.Nd5 d6 13.Bb6 Qd7 14.Nxe7+ Kh8 15.O-O-O
Qg4 16.Qxg4 Bxg4 17.f3 Be6 18.Kb1 a5 19.Nd5 Ra6 20.Bd4 Rc8 21.Bxg7+ Kxg7 22.Nf4
Bd7 23.Rd2 b5 24.Rhd1 Rcc6 25.Ne2 b4 26.h3 Rcb6 27.e5 Bb5 28.exd6 Bxe2 29.d7 Rb8
30.Rxe2 Rd8 31.Re8 Raa8 32.Rde1 Kf6 33.c4 bxc3 34.bxc3 Kg7 35.c4 f5 36.f4 Kf7
37.R8e7+ Kf8 38.Rxh7

[Event "2. Bundesliga West 2008/2009"]
[Site "Salzburg"]
[Date "2008.10.19"]
[Round "3"]
[Board "1"]
[White "Prusikin, Michael"]
[Black "Medvegy, Zoltan"]
[Result "1/2-1/2"]
[WhiteElo "2538"]
[BlackElo "2556"]
[PlyCount "24"]
[EventDate "2008.10.17"]
[EventType "team"]
[EventRounds "11"]
[EventCountry "AUT"]
[WhiteTeam "Wuestenrot Inter Sbg Sued"]
[BlackTeam "ATSV Ranshofen"]

1.d4 Nf6 2.c4 e6 3.Nf3 b6 4.g3 Bb7 5.Bg2 Be7 6.O-O O-O 7.Re1 Na6 8.a3 Qc8 9.b4
c5 10.dxc5 bxc5 11.b5 Nc7 12.a4 d5

[Event "2. Bundesliga West 2008/2009"]
[Site "Salzburg"]
[Date "2008.10.19"]
[Round "3"]
[Board "2"]
[White "Dovzik, Juri"]
[Black "Pitl, Gregory"]
[Result "1/2-1/2"]
[WhiteElo "2395"]
[BlackElo "2410"]
[PlyCount "28"]
[EventDate "2008.10.17"]
[EventType "team"]
[EventRounds "11"]
[EventCountry "AUT"]
[WhiteTeam "ATSV Ranshofen"]
[BlackTeam "Wuestenrot Inter Sbg Sued"]

1.e4 e5 2.Nf3 Nc6 3.d4 exd4 4.Nxd4 Nf6 5.Nxc6 bxc6 6.e5 Qe7 7.Qe2 Nd5 8.c4 Nb6
9.Nd2 a5 10.Qe4 g6 11.Bd3 Bg7 12.O-O O-O 13.Nf3 Re8 14.Re1 Na4

[Event "2. Bundesliga West 2008/2009"]
[Site "Salzburg"]
[Date "2008.10.19"]
[Round "3"]
[Board "3"]
[White "Grafl, Florian"]
[Black "Webersberger, Johann"]
[Result "1/2-1/2"]
[WhiteElo "2404"]
[BlackElo "2265"]
[PlyCount "53"]
[EventDate "2008.10.17"]
[EventType "team"]
[EventRounds "11"]
[EventCountry "AUT"]
[WhiteTeam "Wuestenrot Inter Sbg Sued"]
[BlackTeam "ATSV Ranshofen"]

1.e4 g6 2.Nc3 Bg7 3.f4 c6 4.Bc4 b5 5.Bb3 b4 6.Nce2 d5 7.e5 Nh6 8.Nf3 O-O 9.d4 a5
10.a3 Na6 11.O-O Qb6 12.h3 f6 13.Be3 Bf5 14.Ng3 Rab8 15.Nxf5 Nxf5 16.Bf2 Nc7
17.Qd2 Ne6 18.g4 Nh6 19.Be3 fxe5 20.fxe5 Nf7 21.axb4 axb4 22.Ra4 Qb5 23.Rfa1 Nd6
24.exd6 Rxf3 25.Kg2 Rf7 26.Ra5 Qb6 27.Ra6

[Event "2. Bundesliga West 2008/2009"]
[Site "Salzburg"]
[Date "2008.10.19"]
[Round "3"]
[Board "4"]
[White "Zoister, Stefan"]
[Black "Pflug, Mathias"]
[Result "1-0"]
[WhiteElo "2209"]
[BlackElo "2237"]
[PlyCount "51"]
[EventDate "2008.10.17"]
[EventType "team"]
[EventRounds "11"]
[EventCountry "AUT"]
[WhiteTeam "ATSV Ranshofen"]
[BlackTeam "Wuestenrot Inter Sbg Sued"]

1.e4 c5 2.Nf3 d6 3.d4 cxd4 4.Nxd4 Nf6 5.Nc3 a6 6.Bg5 e6 7.f4 Nbd7 8.Qf3 Qc7
9.O-O-O b5 10.e5 Bb7 11.Qh3 dxe5 12.Nxe6 fxe6 13.Qxe6+ Be7 14.Bxf6 gxf6 15.Be2
Bc6 16.Nd5 Bxd5 17.Bh5+ Kd8 18.Rxd5 Ra7 19.Rhd1 Rf8 20.Bg4 f5 21.Bxf5 Rxf5
22.Qxf5 Qc6 23.Qxh7 Bf8 24.Qf7 Bh6 25.Rd6 Bxf4+ 26.Kb1

[Event "2. Bundesliga West 2008/2009"]
[Site "Salzburg"]
[Date "2008.10.19"]
[Round "3"]
[Board "5"]
[White "Huch, Reiner"]
[Black "Hackbarth, Wolfgang"]
[Result "1/2-1/2"]
[WhiteElo "2300"]
[BlackElo "2167"]
[PlyCount "42"]
[EventDate "2008.10.17"]
[EventType "team"]
[EventRounds "11"]
[EventCountry "AUT"]
[WhiteTeam "Wuestenrot Inter Sbg Sued"]
[BlackTeam "ATSV Ranshofen"]

1.Nf3 g6 2.c4 Bg7 3.g3 e5 4.d3 Ne7 5.Bg2 O-O 6.O-O Nbc6 7.Nc3 d6 8.Bd2 Bd7 9.Rb1
Nd4 10.Ne1 c6 11.b4 Qc7 12.e3 Ne6 13.Nc2 f5 14.f4 Rfd8 15.Qe2 Be8 16.Rfc1 Bf7
17.b5 Re8 18.Nb4 Nc5 19.Be1 a5 20.Nc2 Rad8 21.bxc6 bxc6

[Event "2. Bundesliga West 2008/2009"]
[Site "Salzburg"]
[Date "2008.10.19"]
[Round "3"]
[Board "6"]
[White "Maierhofer, Johann"]
[Black "Durakovic, Alman"]
[Result "1/2-1/2"]
[WhiteElo "2167"]
[BlackElo "2151"]
[PlyCount "106"]
[EventDate "2008.10.17"]
[EventType "team"]
[EventRounds "11"]
[EventCountry "AUT"]
[WhiteTeam "ATSV Ranshofen"]
[BlackTeam "Wuestenrot Inter Sbg Sued"]

1.e4 c5 2.c4 Nc6 3.g3 g6 4.Bg2 Bg7 5.Ne2 e6 6.Nbc3 Nge7 7.d3 b6 8.O-O Bb7 9.a3
O-O 10.Rb1 Nd4 11.b4 d6 12.Bg5 h6 13.Be3 Qd7 14.Qd2 Kh7 15.f3 Rfd8 16.Bf2 Rac8
17.Nxd4 cxd4 18.Ne2 d5 19.exd5 exd5 20.c5 bxc5 21.bxc5 Rxc5 22.Nxd4 Rcc8 23.Nb5
d4 24.Nxa7 Ra8 25.Nb5 Bc6 26.Qb4 Rdb8 27.a4 Nd5 28.Qc5 Nc3 29.Nxc3 dxc3 30.d4
Rc8 31.Qxc3 Be4 32.Qxc8 Rxc8 33.fxe4 Bxd4 34.Bxd4 Qxd4+ 35.Kh1 Rc7 36.a5 Ra7
37.a6 Rxa6 38.Rxf7+ Kg8 39.Rbf1 h5 40.h4 Ra3 41.Kh2 Ra2 42.R7f4 Qb2 43.Rg1 Kg7
44.Kh3 Kh6 45.Kh2 Qc3 46.Kh3 g5 47.hxg5+ Kxg5 48.Rf5+ Kg6 49.Rf4 Rd2 50.Rgf1 Qb2
51.Rg1 Qc3 52.Rgf1 Qb2 53.Rg1 Qc3

[Event "2. Bundesliga West 2008/2009"]
[Site "Salzburg"]
[Date "2008.10.19"]
[Round "3"]
[Board "1"]
[White "Westermeier, Arnulf"]
[Black "Brumen, Dinko"]
[Result "1/2-1/2"]
[WhiteElo "2274"]
[BlackElo "2368"]
[PlyCount "30"]
[EventDate "2008.10.17"]
[EventType "team"]
[EventRounds "11"]
[EventCountry "AUT"]
[WhiteTeam "ASK Salzburg"]
[BlackTeam "Sparkasse Schwarzach"]

1.e4 e6 2.d4 d5 3.e5 c5 4.dxc5 Nc6 5.Nf3 Qc7 6.Be3 Nxe5 7.Nxe5 Qxe5 8.Bb5+ Bd7
9.Bxd7+ Kxd7 10.O-O Rc8 11.c4 Nf6 12.Nc3 Bxc5 13.cxd5 Bxe3 14.dxe6+ Ke7 15.fxe3
Qxe3+

[Event "2. Bundesliga West 2008/2009"]
[Site "Salzburg"]
[Date "2008.10.19"]
[Round "3"]
[Board "2"]
[White "Hecht, Hans-Joachim"]
[Black "Navratil, Robert"]
[Result "1/2-1/2"]
[WhiteElo "2394"]
[BlackElo "2127"]
[PlyCount "36"]
[EventDate "2008.10.17"]
[EventType "team"]
[EventRounds "11"]
[EventCountry "AUT"]
[WhiteTeam "Sparkasse Schwarzach"]
[BlackTeam "ASK Salzburg"]

1.Nf3 Nf6 2.c4 c5 3.g3 b6 4.Bg2 Bb7 5.O-O e6 6.b3 Be7 7.Bb2 O-O 8.e3 d5 9.Qe2
Nc6 10.Rd1 Qd7 11.d4 Rfd8 12.cxd5 exd5 13.Nc3 Qf5 14.Rac1 Rac8 15.dxc5 bxc5
16.Na4 Nb4 17.Nh4 Qe6 18.Qf3 Nxa2

[Event "2. Bundesliga West 2008/2009"]
[Site "Salzburg"]
[Date "2008.10.19"]
[Round "3"]
[Board "4"]
[White "Ljubic, Juro"]
[Black "Besner, Bernhard"]
[Result "1/2-1/2"]
[WhiteElo "2222"]
[BlackElo "2145"]
[PlyCount "26"]
[EventDate "2008.10.17"]
[EventType "team"]
[EventRounds "11"]
[EventCountry "AUT"]
[WhiteTeam "Sparkasse Schwarzach"]
[BlackTeam "ASK Salzburg"]

1.b3 d5 2.Bb2 Nf6 3.e3 Bf5 4.f4 e6 5.Nf3 Nbd7 6.Be2 c6 7.O-O Qb6 8.a4 a5 9.Kh1
Be7 10.Nh4 Bg6 11.Nxg6 hxg6 12.Bf3 Rh7 13.Qe1 g5

[Event "2. Bundesliga West 2008/2009"]
[Site "Salzburg"]
[Date "2008.10.19"]
[Round "3"]
[Board "5"]
[White "Loeffler, Christoph"]
[Black "Stoeckl, Norbert"]
[Result "1/2-1/2"]
[WhiteElo "2166"]
[BlackElo "2084"]
[PlyCount "248"]
[EventDate "2008.10.17"]
[EventType "team"]
[EventRounds "11"]
[EventCountry "AUT"]
[WhiteTeam "ASK Salzburg"]
[BlackTeam "Sparkasse Schwarzach"]

1.e4 c5 2.Nc3 e6 3.g3 Nc6 4.Bg2 g6 5.d3 Bg7 6.f4 Nge7 7.Nf3 d6 8.O-O O-O 9.Nh4
Nd4 10.Ne2 f5 11.c3 Nxe2+ 12.Qxe2 Qc7 13.Be3 Bd7 14.Rfe1 a5 15.Rac1 Rae8 16.exf5
gxf5 17.d4 c4 18.Qf2 Nd5 19.Bxd5 exd5 20.Rc2 Re4 21.Nf3 h6 22.Rce2 Be8 23.Nd2
Re7 24.Qf3 Bf7 25.Bf2 Rfe8 26.Rxe7 Rxe7 27.Rxe7 Qxe7 28.Qe3 Qxe3 29.Bxe3 Bh5
30.Kf2 Bd1 31.h3 h5 32.Nf1 Bf6 33.Nh2 Kf7 34.Ke1 Bc2 35.g4 hxg4 36.hxg4 fxg4
37.Nxg4 Bg7 38.Bf2 Ke6 39.Bh4 Bb1 40.Ne3 Bh6 41.Bg3 Bxa2 42.f5+ Kd7 43.Nxd5 Bc1
44.Kd1 Bxb2 45.Kc2 Ba3 46.f6 Ke6 47.Nc7+ Kxf6 48.Nb5 Bb3+ 49.Kb1 Bb4 50.cxb4
axb4 51.Nxd6 b6 52.Ne4+ Ke6 53.Nd2 Bd1 54.Nxc4 b5 55.Ne3 Be2 56.d5+ Kd7 57.Be1
b3 58.Bb4 Bf3 59.d6 Kc6 60.Kb2 Be4 61.Kxb3 Bf3 62.Kc3 Be2 63.Kd4 Bh5 64.Ke5 Be8
65.Nc2 Bd7 66.Nd4+ Kb6 67.Kf6 Kb7 68.Ke7 Bc8 69.Ne6 Kc6 70.Nd4+ Kd5 71.Nxb5 Kc4
72.Na7 Bg4 73.Be1 Kc5 74.Bf2+ Kd5 75.Nb5 Kc6 76.Nc3 Bc8 77.Ne4 Bd7 78.Ng5 Bc8
79.Nf7 Bh3 80.Bg3 Bc8 81.Ne5+ Kd5 82.d7 Bxd7 83.Kxd7 Kc5 84.Ke6 Kd4 85.Nd7 Ke4
86.Be5 Ke3 87.Nc5 Kf3 88.Kd5 Ke3 89.Ne6 Kd3 90.Bd4 Ke2 91.Ke4 Kd2 92.Nc5 Ke2
93.Be3 Kf1 94.Kf3 Ke1 95.Ne6 Kf1 96.Nd4 Ke1 97.Nf5 Kd1 98.Nd4 Ke1 99.Bf4 Kf1
100.Ne2 Ke1 101.Be3 Kf1 102.Ng3+ Ke1 103.Ke4 Kd1 104.Kd3 Ke1 105.Bc5 Kd1 106.Bb4
Kc1 107.Bc3 Kd1 108.Nf5 Kc1 109.Ne3 Kb1 110.Nd5 Kc1 111.Ne3 Kb1 112.Kd2 Ka2
113.Kc2 Ka3 114.Nf5 Ka4 115.Nd4 Ka3 116.Kd3 Ka4 117.Kc4 Ka3 118.Ne6 Ka4 119.Nc5+
Ka3 120.Be5 Ka2 121.Kb4 Kb1 122.Kb3 Kc1 123.Kc3 Kd1 124.Bg3 Ke2